Sports Quiz

Random Sports or Country Quiz

Every country to have competed in the Copa America Quiz Stats

 Plays Quiz not verified by Sporcle

Support Sporcle.
Go Orange.
Score 0/20 Timer 07:00
3 Plays Today
Titles Country % Correct
9Brazil
99.4%
14Argentina
99.1%
2Chile
96.6%
15Uruguay
95.8%
0Mexico
91.2%
2Peru
88.7%
1Colombia
88.5%
0United States
88.2%
2Paraguay
86.7%
1Bolivia
82.5%
Titles Country % Correct
0Venezuela
78.9%
0Ecuador
76.4%
0Costa Rica
65.2%
0Japan
64.9%
0Panama
64.3%
0Honduras
64.2%
0Jamaica
61.6%
0Australia
55.7%
0Qatar
45.3%
0Haiti
35.7%

You're not logged in!

Compare scores with friends on all Sporcle quizzes.
OR
Log In
Remove Ads.
Support Sporcle.
Get the best of Sporcle when you Go Orange. This ad-free experience offers more features, more stats, and more fun while also helping to support Sporcle. Thank you for becoming a member.

Show Comments

Extras

Top Quizzes Today


Score Distribution

Your Account Isn't Verified!

In order to create a playlist on Sporcle, you need to verify the email address you used during registration. Go to your Sporcle Settings to finish the process.

Report this User

Report this user for behavior that violates our Community Guidelines.

Details: